Catálogo
 En Linea

Mi garabato libro de trazos : (Registro nro. 51988)

Detalles MARC
000 -CABECERA
campo de control de longitud fija 00983nam a2200277 a 4500
001 - NÚMERO DE CONTROL
campo de control 000013767
003 - IDENTIFICADOR DEL NÚMERO DE CONTROL
campo de control DO-SdBNP
005 - FECHA Y HORA DE LA ÚLTIMA TRANSACCIÓN
campo de control 20220609105154.0
007 - CAMPO FIJO DE DESCRIPCIÓN FÍSICA--INFORMACIÓN GENERAL
campo de control de longitud fija ta
008 - DATOS DE LONGITUD FIJA--INFORMACIÓN GENERAL
campo de control de longitud fija 091130s2022 dr a 000 0 spa d
020 ## - NÚMERO INTERNACIONAL ESTÁNDAR DEL LIBRO
Número Internacional Estándar del Libro 9789945933604
040 ## - FUENTE DE LA CATALOGACIÓN
Centro catalogador/agencia de origen DO-SdBNP
Lengua de catalogación spa
Centro/agencia transcriptor BNPHU
082 ## - NÚMERO DE LA CLASIFICACIÓN DECIMAL DEWEY
Número de clasificación xxxx
Número de documento/Ítem M375m
100 1# - ENTRADA PRINCIPAL--NOMBRE DE PERSONA
Nombre de persona Marte Grullón, Henrry A.
9 (RLIN) 81822
245 00 - MENCIÓN DE TÍTULO
Título Mi garabato libro de trazos :
Resto del título 3 años nivel inicial /
Mención de responsabilidad, etc. Henrry A. Marte Grullón ; coautor José Aníbal Portorreal
246 ## - FORMA VARIANTE DE TÍTULO
Título propio/Titulo breve Cuaderno de actividades para practicar la escritura :
Resto del título grafomotricidad
260 ## - PUBLICACIÓN, DISTRIBUCIÓN, ETC.
Nombre del editor, distribuidor, etc. Impratex,
Lugar de publicación, distribución, etc. Santo Domingo :
Fecha de publicación, distribución, etc. 2022.
300 ## - DESCRIPCIÓN FÍSICA
Extensión 217 p. :
Otras características físicas il. ;
Dimensiones 22 cm.
490 ## - MENCIÓN DE SERIE
Mención de serie Serie nivel inicial para niños/as de 2 a 5 años
521 ## - NOTA DE PÚBLICO DESTINATARIO
Nota de público destinatario Dirigido a niños/as de 2 a 5 años
590 ## - NOTA LOCAL (RLIN)
Nota local Inventariado, 2022 / DG
700 ## - PUNTO DE ACCESO ADICIONAL--NOMBRE DE PERSONA
Nombre de persona Portorreal, José Aníbal
Término indicativo de función/relación coautor
9 (RLIN) 81825
830 ## - PUNTO DE ACCESO ADICIONAL DE SERIE-TÍTULO UNIFORME
Número de parte o sección de la obra Serie nivel inicial para niños/as de 2 a 5 años
9 (RLIN) 81823
910 ## - DATOS DE OPCIÓN DEL USUARIO (OCLC)
Datos de opción del usuario DG
942 ## - ELEMENTOS DE PUNTO DE ACCESO ADICIONAL (KOHA)
Fuente del sistema de clasificación o colocación Dewey Decimal Classification
Tipo de ítem Koha Libro
Existencias
Estado de retiro Estado de pérdida Fuente del sistema de clasificación o colocación Restricciones de uso No para préstamo Código de colección Localización permanente Ubicación/localización actual Ubicación en estantería Fecha de adquisición Total de préstamos Signatura topográfica completa Código de barras Fecha visto por última vez Precio válido a partir de Tipo de ítem Koha Número de copia
    Dewey Decimal Classification Excluido de préstamo   Monografías: Libros y Folletos Biblioteca Nacional Pedro Henríquez Ureña Patrimonio Dominicano En catalogación 09.06.2022   xxxx M375m 2022-2881 09.06.2022 09.06.2022 Libro  
    Dewey Decimal Classification Excluido de préstamo   Monografías: Libros y Folletos Biblioteca Nacional Pedro Henríquez Ureña Patrimonio Dominicano En catalogación 09.06.2022   xxxx M375m 2022-2882 09.06.2022 09.06.2022 Libro e.2

Con tecnología Koha